Relativity and geometry

Αποθηκεύτηκε σε:
Λεπτομέρειες βιβλιογραφικής εγγραφής
Κύριος συγγραφέας: Torretti, Roberto 1930-
Μορφή: Βιβλίο
Γλώσσα:English
Δημοσίευση: New York : Dover Pub., 1996
Θέματα:
Ετικέτες: Προσθήκη ετικέτας
Δεν υπάρχουν, Καταχωρήστε ετικέτα πρώτοι!

MARC

LEADER 00000nam a2200000 i 4500
001 1/73852
008 990323s1996 eng d
020 |a 0486690466 
035 |l 10048912 
040 |a GR-MY-UA  |b gre  |e aacr 
041 0 |a eng 
082 0 |a 530.11 
100 1 |a Torretti, Roberto  |d 1930- 
245 1 0 |a Relativity and geometry /  |c Roberto Torretti 
260 |a New York :   |b Dover Pub.,   |c 1996 
300 |a xii, 395 p.;  |b ill.;  |c 24 cm. 
500 |a Includes bibliographical references and index 
650 0 0 |a Relativity (Physics) 
650 0 0 |a Geometry, Differential. 
650 0 0 |a Geometry  |x Philosophy. 
852 |a INST  |b SAMOS  |e 19990323  |h 530.11 TOR  |p 005300014908  |q 005300014908  |t BK  |y 0 
901 |a BIBL-1999-1 
909 |a Σ  |b 064483 
922 |a 3ΕΛΗ  |b 199903  |c ΚΠΣ  |d GLORY